Teoría y práctica de la lógica proposiciona

-д хадгалсан:
Номзүйн дэлгэрэнгүй
Үндсэн зохиолчид: Montaner, Pedro (autor), Arnau, Hilari (Зохиогч)
Формат: Ном
Хэл сонгох:испани
Хэвлэсэн: Barcelona Vicens Vives 1997
Хэвлэл:3a. ed
Цуврал:Biblioteca Didáctica de Filosofía, 4
Нөхцлүүд:
Шошгууд: Шошго нэмэх
Шошго байхгүй, Энэхүү баримтыг шошголох эхний хүн болох!

MARC

LEADER 00000nam a2200000 a 4500
001 UCH5336
003 CL-VaPUC
008 091014e19970000SP |||||||||||||||||spa|d
020 |a 8431622237 
082 0 4 |a 160  |b MON  |2 21 
100 |a Montaner, Pedro  |e autor  |9 541624 
700 0 |a Arnau, Hilari  |e author  |9 541625 
245 1 0 |a Teoría y práctica de la lógica proposiciona 
250 |a 3a. ed 
300 |a 171 p 
942 |c BK 
945 |d 20091014 00:00:00  |a ccalabra 
260 |a Barcelona  |b Vicens Vives  |c 1997 
650 0 |a Lógica  |9 256849 
650 0 |a Filosofía   |9 223554 
650 0 |a Cálculo proposicional   |9 421897 
650 7 |a SUPUESTOS  |2 CL-VaPUC  |9 541627 
650 0 |a Razonamiento  |9 256520 
650 0 |a Educación  |9 258661 
583 |a last modification  |c 20091014 00:00:00  |k Rodrigo Vera 
490 0 |a Biblioteca Didáctica de Filosofía, 4 
999 |c 336499  |d 336497